000 00725cam a2200241 i 4500
999 _c18245
_d18245
001 3685568
003 OSt
005 20200304112443.0
008 780731t19771976nyuj 000 1 eng
010 _a 78105290
040 _aMMU
_cMMU
_dMMU
_beng
050 0 0 _aPZ4.J254
_b 1977
100 1 _aJakes, John,
245 1 4 _aThe furies /
_cJohn Jakes.
250 _aBook club ed.
260 _aGarden City, N.Y. :
_bN. Doubleday,
_cc1976.
300 _a400 p. ;
_c22 cm.
490 1 _aHis The Kent chronicles ; v. 4
650 0 _aKent family (Fictitious characters)
800 1 _aJakes, John,
_d1932-
_tAmerican Bicentennical series ;
_vv. 4.
906 _a7
_bcbc
_corignew
_d2
_encip
_f19
_gy-gencatlg
942 _2lcc
_cLOAN LOAN